| 000 | 00564nam a2200169 a 4500 | ||
|---|---|---|---|
| 001 | 000040657 | ||
| 005 | 20201002034301.0 | ||
| 008 | 130904s2011 sp 000 0 spa d | ||
| 020 | _a9788496045804 | ||
| 040 |
_aDO-SdBNP _bspa _cBNPHU |
||
| 100 | 1 |
_aTardieu, Jean-Pierre _d1944- _967020 |
|
| 245 | 1 | 0 |
_aLéxico antológico de la esclavitud de los negros en Hispanoamérica / _cJean-Pierre Tardieu. |
| 260 |
_aMadrid : _bPliegos, _c2011. |
||
| 300 |
_av. (275 p.) : _bill. ; _c20 cm. |
||
| 490 | 1 |
_aPliegos de ensayo ; _v225 |
|
| 830 | 0 |
_aPliegos de ensayo ; _n225 _967021 |
|
| 999 |
_c40147 _d40147 |
||